| 000 | 00744nac a22002291u 4500 | ||
|---|---|---|---|
| 008 | 230725s2006 nju||||| |||| 00| 0 eng d | ||
| 010 | _a2005299884 | ||
| 020 | _a0131711296 (pbk.) | ||
| 035 | _a(OCoLC)ocm60631101 | ||
| 040 |
_aEG-ScBUE _cEG-ScBUE |
||
| 082 | 0 | 0 |
_a005.8 _bE139 _222 |
| 100 | _aEasttom, Chuck. | ||
| 245 | 1 | 0 |
_aComputer security fundamentals / _cChuck Easttom. |
| 260 |
_aUpper Saddle River, N.J. : _bPearson Prentice Hall, _cc2006. |
||
| 300 |
_axxii, 344 p. : _bill. ; _c24 cm. |
||
| 490 | 1 | _aSecurity series | |
| 650 | 0 |
_aComputer security. _2BUEsh |
|
| 650 | 0 |
_aComputer networks _xSecurity measures. _2BUEsh |
|
| 651 | _2BUEsh | ||
| 830 | 0 | _aSecurity series (Upper Saddle River, N.J.) | |
| 942 |
_cBB _2ddc |
||
| 999 |
_c30497 _d30468 |
||